Estados mexicanos con una frontera internacional - Estadísticas

Estadísticas generales
  • Esta prueba ha sido intentada 1.153 veces
    1.079 desde el último reinicio
  • La puntuación promedio es 7 de 10
Estadísticas de respuestas
País Fronterizo Estado % Correcto
EEUU (California) Baja California
95%
EEUU (Texas y Nuevo México) Chihuahua
84%
Guatemala Chiapas
79%
EEUU (Arizona y Nuevo México) Sonora
77%
Belice Quintana Roo
75%
EEUU (Texas) Nuevo León
74%
EEUU (Texas) Tamaulipas
68%
Guatemala Tabasco
63%
EEUU (Texas) Coahuila
62%
Guatemala y Belice Campeche
61%
No se encontraron pruebas coincidentes
Distribución de puntuación
Porcentaje de gente con cada puntuación
Porcentaje por número respondido
Historial de tus puntuaciones
No has intentado esta prueba desde el último reinicio